Anti- Arthritic potential of ziziphus nummularia and prunus dulcis: An experimental study in rodents (Record no. 357384)

MARC details
000 -LEADER
fixed length control field 00601nam a2200205 4500
005 - DATE & TIME
control field 20241007092030.0
008 - FIXED-LENGTH DATA ELEMENTS--GENERAL INFORMATION
fixed length control field 241007b |||||||| |||| 00| 0 eng d
020 ## - ISBN
International Standard Book Number X
Price [n.p.]
040 ## - CATALOGING SOURCE
Original cataloging agency VIVEKANANDA LIBRARY
082 ## - DDC NUMBER
Classification number 615.19
Book Number M294A
100 ## - MAIN ENTRY--PERSONAL NAME
Personal name Malhotra, Hitesh
245 ## - TITLE STATEMENT
Title Anti- Arthritic potential of ziziphus nummularia and prunus dulcis: An experimental study in rodents
260 ## - PUBLICATION, DISTRIBUTION, ETC. (IMPRINT)
Name of publisher, distributor, etc Dept. of Pharmaceutical Sciences, M D University, Rohtak
Date of publication, distribution, etc 2024
300 ## - PHYSICAL DESCRIPTION
Pages xxii, 511
650 ## - Subject
Subject Pharmaceutical Science
650 ## - Subject
Subject Pharmacy
700 ## - Added Entry Personal Name
Added Entry Personal Name Garg,Vandana
942 ## - ADDED ENTRY ELEMENTS (KOHA)
Koha item type Thesis
Holdings
Withdrawn status Lost status Source of classification or shelving scheme Damaged status Not for loan Location (home branch) Sublocation or collection (holding branch) Shelving location Date acquired Koha issues (times borrowed) Koha full call number Accession No. Koha date last seen Copy number Koha item type
    Dewey Decimal Classification     VIVEKANANDA LIBRARY VIVEKANANDA LIBRARY Vivekananda Library 07/10/2024   615.19 M294A 410954 07/10/2024 R Thesis
© Designed and Maintained by Vivekananda Library, MDU Rohtak